Biggest City in each U.S. State by Letter S - Statistics

General Stats
  • This quiz has been taken 2,141 times
  • The average score is 17 of 25
Answer Stats
State Population City % Correct
California 1,301,617 San Diego
97%
Texas 1,327,407 San Antonio
93%
Washington 608,660 Seattle
92%
Utah 194,188 Salt Lake City
88%
Missouri 319,294 St. Louis
86%
Minnesota 285,068 Saint Paul
85%
Oregon 154,637 Salem
85%
Illinois 116,250 Springfield
83%
Massachusetts 153,060 Springfield
83%
Ohio 60,608 Springfield
83%
South Dakota 153,888 Sioux Falls
76%
New Mexico 67,947 Santa Fe
74%
Georgia 136,286 Savannah
72%
New York 145,170 Syracuse
72%
Florida 265,098 St. Petersburg
67%
Louisiana 199,311 Shreveport
63%
Arizona 217,385 Scottsdale
60%
Iowa 82,684 Sioux City
54%
Pennsylvania 77,182 Scranton
53%
Connecticut 122,643 Stamford
51%
Indiana 101,168 South Bend
47%
Nevada 90,264 Sparks
29%
Michigan 129,699 Sterling Heights
27%
Virginia 63,677 Suffolk
20%
Kansas 62,209 Shawnee
13%
No matching quizzes found
Score Distribution
Percent of People with Each Score
Percentile by Number Answered
Your Score History
You have not taken this quiz